Projektovanie automatizovaných informačných systémov

Bibliographic Details
Main Authors: Zajko, Marián, 1950- (Author), Ctibor, K. (Author)
Format: Article
Language:Slovak
Subjects:

MARC

LEADER 00000nab a2200000 a 4500
001 vtls000060895
003 SK-MaSNL
005 20260304231317.0
008 160202c1980 xo 0 slo
015 |a SNBRB19rr/mm-uuuuu 
035 |a CL0070995 
040 |a SNKBUCL  |b slo  |c SNKBUCL  |e AACR2 
041 0 |a slo 
044 |a xo  |c SK 
080 |a 002.6  |2 1981 
100 1 |a Zajko, Marián,  |d 1950-  |4 aut  |9 201484 
245 1 0 |a Projektovanie automatizovaných informačných systémov  |c Marián Zajko ; K. Ctibor 
650 0 7 |a informačné systémy  |2 snkbucl  |9 1128 
655 7 |a články z novín a časopisov  |2 snkbucl  |9 267496 
655 7 |a články z odboru knihovníctvo  |2 snkbucl  |9 166141 
700 1 |a Ctibor, K.  |4 aut  |9 1177542 
773 0 |t Informačné systémy  |g Roč. 9, č. 1 (1980), s. 108-109 
787 0 8 |i Rec.:  |a Ctibor, K.  |t Projektování automatizovaných informačních systémů  |d Praha : SNTL, 1978 
850 |a Slovenská národná knižnica v Martine  |a MTA001 
852 |a SNK  |b KIS3GCP 
958 |a RK 
958 |a KL 
958 |a CZ 
992 |a RBX 
999 |c 3188209  |d 3190139